Влияние условий формирования водонефтяной эмульсии на динамику процесса отстаивания; Иерархические материалы: разработка и приложения для новых технологий и надежных конструкций

Λεπτομέρειες βιβλιογραφικής εγγραφής
Parent link:Иерархические материалы: разработка и приложения для новых технологий и надежных конструкций.— 2019.— [С. 731 ]
Κύριος συγγραφέας: Кузьменко Е. А. Елена Анатольевна
Συγγραφή απο Οργανισμό/Αρχή: Национальный исследовательский Томский политехнический университет Инженерная школа природных ресурсов Отделение химической инженерии
Άλλοι συγγραφείς: Мойзес О. Е. Ольга Ефимовна, Марченко М. Е.
Περίληψη:Заглавие с экрана
Режим доступа: по договору с организацией-держателем ресурса
Γλώσσα:Ρωσικά
Έκδοση: 2019
Σειρά:Физико-химические и микробиологические методы увеличения нефтеотдачи, газо-и конденсатоотдачи, в том числе для месторождений с трудно извлекаемыми запасами. Новые технологии обработки призабойной зоны нефтяных и газовых скважин. Проблемы добычи, подготовки и транспорта высоковязких и высокопарафинистых нефтей, проблемы освоения нефтегазовых месторождений Арктического региона
Θέματα:
Διαθέσιμο Online:https://elibrary.ru/item.asp?id=41207416
Μορφή: MixedMaterials Ηλεκτρονική πηγή Κεφάλαιο βιβλίου
KOHA link:https://koha.lib.tpu.ru/cgi-bin/koha/opac-detail.pl?biblionumber=661199

MARC

LEADER 00000naa2a2200000 4500
001 661199
005 20260209163633.0
035 |a (RuTPU)RU\TPU\network\31455 
035 |a RU\TPU\network\31453 
090 |a 661199 
100 |a 20191122d2019 k||y0rusy50 ca 
101 0 |a rus 
102 |a RU 
135 |a drcn ---uucaa 
181 0 |a i  
182 0 |a b 
200 1 |a Влияние условий формирования водонефтяной эмульсии на динамику процесса отстаивания  |f Е. А. Кузьменко, О. Е. Мойзес, М. Е. Марченко 
203 |a Текст  |c электронный 
225 1 |a Физико-химические и микробиологические методы увеличения нефтеотдачи, газо-и конденсатоотдачи, в том числе для месторождений с трудно извлекаемыми запасами. Новые технологии обработки призабойной зоны нефтяных и газовых скважин. Проблемы добычи, подготовки и транспорта высоковязких и высокопарафинистых нефтей, проблемы освоения нефтегазовых месторождений Арктического региона 
300 |a Заглавие с экрана 
320 |a [Библиогр.: с. 731 (1 назв.)] 
333 |a Режим доступа: по договору с организацией-держателем ресурса 
463 1 |0 (RuTPU)RU\TPU\network\31158  |t Иерархические материалы: разработка и приложения для новых технологий и надежных конструкций  |o международный междисциплинарный симпозиум, 1-5 октября 2019 г., Томск, Россия  |o тезисы докладов International Workshop "Multiscale Biomechanics and Tribology of Inorganic and Organic Systems"  |o тезисы докладов международной конференции "Перспективные материалы с иерархической структурой для новых технологий и надежных конструкций"  |o тезисы докладов международной конференции "Химия нефти и газа: добыча, подготовка, транспорт нефти и газа"  |f Российская академия наук (РАН), Сибирское отделение (СО), Институт физики прочности и материаловедения (ИФПМ) ; Институт химии нефти (ИХН)  |v [С. 731 ]  |d 2019 
610 1 |a электронный ресурс 
610 1 |a труды учёных ТПУ 
610 1 |a водонефтяные эмульсии 
610 1 |a динамика процесса 
610 1 |a отстаивание 
610 1 |a обезвоживание 
610 1 |a нефти 
610 1 |a промыслы 
700 1 |a Кузьменко  |b Е. А.  |c химик-технолог  |c доцент Томского политехнического университета, кандидат технических наук  |f 1958-  |g Елена Анатольевна  |3 (RuTPU)RU\TPU\pers\25858  |9 11727 
701 1 |a Мойзес  |b О. Е.  |c химик-технолог, специалист в области информатики и вычислительной техники  |c доцент Томского политехнического университета, кандидат технических наук  |f 1950-  |g Ольга Ефимовна  |3 (RuTPU)RU\TPU\pers\25862  |9 11730 
701 1 |a Марченко  |b М. Е. 
712 0 2 |a Национальный исследовательский Томский политехнический университет  |b Инженерная школа природных ресурсов  |b Отделение химической инженерии  |3 (RuTPU)RU\TPU\col\23513 
801 2 |a RU  |b 63413507  |c 20191126  |g RCR 
856 4 |u https://elibrary.ru/item.asp?id=41207416 
942 |c CF